Things that Relate to St. Patrick's Day - Statistics

General Stats
  • This quiz has been taken 46 times
  • The average score is 7 of 12
Answers on the Grid
Answers color-coded by a green-red scale on the quiz's grid according to % correct below.
Luck
St. Patrick
4 leaf clovers
Leprechaun
Pot of Gold
Ireland
March
Green
End of Rainbow
Christianity
Shamrock
Parades
April
Start of Rainbow
Pot of Silver
Teal
3 leaves clover
5 leaves clover
Start of May
Protestantism
Death
Iceland
Mortality
Quran
 
Answer Stats
Answer % Correct
Luck
76%
Shamrock
73%
St. Patrick
70%
Ireland
67%
Leprechaun
67%
Green
61%
March
61%
4 leaf clovers
58%
Christianity
58%
Pot of Gold
58%
End of Rainbow
55%
Parades
48%
No matching quizzes found
Score Distribution
Percent of People with Each Score
Percentile by Number Answered
Your Score History
You have not taken this quiz